000 00476nam a2200181Ia 4500
001 25175
005 20260414151132.0
008 260414t2012||||xx |||||||||||||| ||spa||
041 _aESP
082 _a346.3
_bF89
100 _aDe la Fuente y Hontañon, Rosario
_eAUT
245 0 _aLa herencia fideicomisaria :
_bdesde Roma hasta el derecho peruano
260 _c2012
300 _a260 páginas :
_c24 cm.
650 _aDER
654 _aCDE
942 _cLIB
_dJUS
_fJUS
_2ddc
_n
999 _c25175
_d25175